Movies Quiz

Random Movies or Role Quiz
Score 0/55 Timer 10:00
0 Plays Today
% Correct
Gangs of New York
83%
Django Unchained
80.5%
Moneyball
72.5%
Silver Linings Playbook
72.2%
Inception
69.3%
The Tourist
68.4%
War of the Worlds
67.7%
The Dark Knight
67.1%
Blood Diamond
65.8%
Shutter Island
65.5%
Troy
60.8%
Training Day
60.7%
Up in the Air
60.2%
Finding Neverland
59.7%
Vanilla Sky
59.1%
Birdman
58.9%
Burn After Reading
58.8%
Tropic Thunder
56.8%
Charlie Wilson's War
56.1%
Cloud Atlas
56%
Blow
54.9%
Bridge of Spies
54.4%
Minority Report
53.7%
Angels & Demons
53.5%
American Sniper
51.9%
American Gangster
51.6%
The Brothers Grimm
46.9%
The Adjustment Bureau
46.8%
% Correct
The Book of Eli
46.1%
Extremely Loud & Incredibly Close
45.4%
Intolerable Cruelty
45.3%
The A-Team
45.1%
Black Mass
44.8%
The Fighter
44.6%
The Prestige
42.7%
Aloha
40.5%
Interstellar
40.2%
Good Night, and Good Luck
39.9%
Hail, Caesar!
38.4%
The Illusionist
37.2%
Man on Fire
36.1%
The Big Short
35.1%
The Grand Budapest Hotel
34.2%
The Monuments Men
33.3%
The Bourne Legacy
32.6%
Exodus: Gods and Kings
31.1%
The Good Shepherd
31.1%
Lions for Lambs
31%
Moonrise Kingdom
29.3%
Flight
29.1%
Tomorrowland
27.5%
The Place Beyond the Pines
26.3%
The Counselor
22.8%
The Libertine
22.6%
I'm Not There
19.7%

You're not logged in!

Compare scores with friends on all Sporcle quizzes.
OR
Log In

Sporcle TV

Today on Sporcle TV


Watch our educational content, quiz creation guides, and fun videos on Sporcle TV.

Show Comments

Extras

Top Quizzes Today


Score Distribution

Paid Content

Your Account Isn't Verified!

In order to create a playlist on Sporcle, you need to verify the email address you used during registration. Go to your Sporcle Settings to finish the process.

Report this User

Report this user for behavior that violates our Community Guidelines.

Details: